00512 2200205 4500001002100000005001500021035002000036007000300056008004100059082001000100084001600110100005200126245003100178250001100209260003600220300002100256856000700277990001100284990001100295INLIS00000000000019420260210092914 a0010-0226000085ta260210 0  a200.2 a200.2 IBN k1 aIBNU QAYYIM & IBNU RAJAB & ABU HAMID AL-GHAZALI1 aKIAT MENJADI HAMBA PILIHAN aketiga aJakarta :bPUSTAKA AZZAM,c2003 a174 hlm ;c24 cm a00 a000489 a000487